000
00302nam a22001337a 4500
003
SGT
082
_a
611
_b
KUM
100
_a
KUMAR, N.
245
_a
ANATOMY, PHYSIOLOGY AND HEALTH EDUCATION
250
_a
2ND
260
_a
INDIA
_b
AITBS PUB.
_c
2024
650
_a
HEALTH EDUCATION
942
_2
ddc
_c
BK
999
_c
33002
_d
33002